000 00294nam a2200109Ia 4500
005 20251222141906.0
008 251222s9999||||xx |||||||||||||| ||spa||
082 _a363.358.5/I59
245 0 _aCompendio Estadístico de Prevención y Atención de Desastres 2006
264 _bSinadeci
942 _cLIB
999 _c8241
_d8241